Pripravovaná daňová reforma v Slovenskej republike podľa kritérií daňovej teórie a praxe

Podstata a druhy daňovej reformy. Hlavné dôvody uplatnenia daňovej reformy SR od 1.1.2004. Koncepcia a hlavné zámery navrhovanej daňovej reformy v SR. Zhodnotenie hlavných zmien daňovej reformy podľa jednotlivých daní.

Salvato in:
Dettagli Bibliografici
Autore principale: Lénártová, Gizela
Natura: Capitolo di libro
Lingua:slovacco
Soggetti:
Tags: Aggiungi Tag
Nessun Tag, puoi essere il primo ad aggiungerne!!

MARC

LEADER 00000naa$a2200000$$$4500
001 0017061
005 20240502071403.4
041 0 |a slo 
044 |a SK 
245 1 0 |a Pripravovaná daňová reforma v Slovenskej republike podľa kritérií daňovej teórie a praxe  |c Gizela Lénártová 
520 |a Podstata a druhy daňovej reformy. Hlavné dôvody uplatnenia daňovej reformy SR od 1.1.2004. Koncepcia a hlavné zámery navrhovanej daňovej reformy v SR. Zhodnotenie hlavných zmien daňovej reformy podľa jednotlivých daní. 
610 2 0 |a Slovensko 
610 2 0 |a reformy daňové 
610 2 0 |a systémy daňové 
610 2 0 |a rozpočet štátny 
610 2 0 |a zdaňovanie 
610 2 0 |a dane z príjmov 
610 2 0 |a dane majetkové 
610 2 0 |a dane spotrebné 
610 2 0 |a sadzby daňové 
100 1 |a Lénártová, Gizela